| 000 | 00728nam a2200229 i 4500 | ||
|---|---|---|---|
| 001 | bgj | ||
| 100 | 1 | _aSTAGEBERG, Norman C. | |
| 245 | 1 | 0 |
_aAn introductory English grammar / _cNorman C. Stageberg ; with a chapter on Transformational grammar by Ralph M. Goodman. |
| 250 | _a2nd ed. | ||
| 260 |
_aNew York [etc.] : _bHolt, Rinehart and Winston, _ccop. 1971. |
||
| 300 |
_aXV, 473 pp ; _c23 cm. |
||
| 505 | _aIncl. answers to exercises and index. | ||
| 650 | 9 |
_aEnglish language _xGrammar |
|
| 655 | _aTextbooks | ||
| 700 | 1 |
_aGOODMAN, Ralph M. _eco-auth. |
|
| 020 | _a003079370X (pbk) | ||
| 040 | _cBPK | ||
| 041 | 0 | _aeng | |
| 920 | _a0-03-079370-X (pbk) | ||
| 942 | _cKS | ||
| 008 | s uk f |000 0 eng | ||
| 999 |
_c47288 _d47288 |
||
| 856 |
_uhttp://koha.tu.koszalin.pl/cgi-bin/koha/opac-detail.pl?biblionumber=47288 _yKatalog online BPK |
||